| 000 | 00833cam a2200289 i 4500 | ||
|---|---|---|---|
| 999 |
_c200448544 _d66756 |
||
| 003 | TR-AnTOB | ||
| 005 | 20220413103358.0 | ||
| 007 | ta | ||
| 008 | 201013n tu a $r27 01 $$$tu 72272tur u | ||
| 020 | _a9757122858 | ||
| 040 |
_aTR-AnTOB _beng _erda _cTR-AnTOB |
||
| 041 | 0 | _atur | |
| 044 | _ctu | ||
| 050 | 1 | 4 |
_aN5333 _b.Ü573 2001 |
| 090 |
_aN5333 _b.Ü573 2001 |
||
| 100 | 1 |
_aÜnsal, Fikret _eauthor _9136637 |
|
| 245 | 1 | 0 |
_aDünya’nın yedi harikası / _cFikret Ünsal. |
| 264 | 1 |
_aAnkara : _bÜnsal, _c2001. |
|
| 300 |
_a144 pages : _billustrations ; _c19 cm |
||
| 336 |
_atext _btxt _2rdacontent |
||
| 337 |
_aunmediated _bn _2rdamedia |
||
| 338 |
_avolume _bnc _2rdacarrier |
||
| 650 | 7 |
_aDünyanın Yedi Harikası _2etuturkob _97125 |
|
| 653 | _aSanat--Eskiçağ | ||
| 942 |
_2lcc _cBK |
||